Geometry Dash - All Gauntlet Levels - Statistics

General Stats
  • This quiz has been taken 23 times
    10 since last reset
  • The average score is 135 of 225
Answer Stats
Gauntlet Creator(s) Answer % Correct
Crystal Gauntlet ChaSe Crystal Essence
86%
Doom Gauntlet AbstractDark Darkness Keeper
86%
Chaos Gauntlet Glittershroom Kappaclysm
86%
Crystal Gauntlet G4lvatron Lustre
86%
Fire Gauntlet RadiationV2 Magmatic Sanctuary
86%
Demon Gauntlet Tongii Mechanical Showdown
86%
Fire Gauntlet Nicki1202 OuterSpace
86%
Chaos Gauntlet Insendium Scarlet Surge
86%
Demon Gauntlet ChaSe Sidestep
86%
Inferno Gauntlet Wav Ablaze
71%
Death Gauntlet f3lixsram Adust
71%
Chaos Gauntlet Adiale Anubis
71%
Forest Gauntlet Arclia Astralith
71%
Poison Gauntlet God Of Music Beast Mode Full
71%
Doom Gauntlet f3lixsram Buried Angel
71%
Inferno Gauntlet R3XX3R Burn
71%
NCS I Gauntlet connot BUSSIN
71%
Galaxy Gauntlet RoyalP Caput Mundi
71%
Castle Gauntlet Serponge CastleMania
71%
Bonus Gauntlet SirHadoken Chambers
71%
Split Gauntlet bli Change of Scene
71%
Castle Gauntlet Subwoofer CRUSH
71%
Gem Gauntlet Knots Crystal Corridor
71%
Lava Gauntlet GD Jose Danger Zone
71%
Chaos Gauntlet alkali dark drop
71%
Cursed Gauntlet Caustic Death Moon 
71%
World Gauntlet Danzmen Down Unda
71%
Chaos Gauntlet Danolex Drippy Dub
71%
Magic Gauntlet ViPriN Empyrean
71%
Doom Gauntlet haoN Extinction
71%
Shadow Gauntlet GD Jose Fear zone
71%
Cosmos Gauntlet bli Final Orbit
71%
Lava Gauntlet Sumsar Fire Aura
71%
Fire Gauntlet Stamina First Race
71%
Lava Gauntlet God Of Music Frontline Full
71%
World Gauntlet AbstractDark Frostburn Peak
71%
Poison Gauntlet ArathhSA Generation Retro
71%
Death Gauntlet DesTicY Ghoul
71%
Time Gauntlet Hyenada Half Past Twelve
71%
Demon Gauntlet Serponge HeLL
71%
Spooky Gauntlet Nikce Hydrux
71%
Lava Gauntlet DzRAS ichor
71%
Cursed Gauntlet Danke Im Dead
71%
Lava Gauntlet SUOMI Infernal Arena
71%
Inferno Gauntlet Codex Inferno
71%
Chance Gauntlet 7ak IO
71%
NCS II Gauntlet meeloz I See Stars 
71%
Cursed Gauntlet Voxicat iSpyWithMyLittleEye
71%
Cursed Gauntlet TroxxP1 Last Abyss
71%
Time Gauntlet Darwin Mind Control
71%
Monster Gauntlet MrKoolTrix Monster Mischief
71%
Force Gauntlet TamaN Motion
71%
NCS I Gauntlet Arclia Next Cab Soon
71%
World Gauntlet NeonDusk Nivel
71%
Haunted Gauntlet EnZore Not a Phobia
71%
Doom Gauntlet Darwin Nowise
71%
Monster Gauntlet Danzmen OMG ALIENS
71%
Space Gauntlet djudjeito Out of Place
71%
Fire Gauntlet Fault Overture
71%
Forest Gauntlet Ghotstav Petal Patch
71%
World Gauntlet Arb PLANET X
71%
Spike Gauntlet GD Jose Powerful
71%
Random Gauntlet MinAY Randomverse
71%
Time Gauntlet TheDevon Rose
71%
Treasure Gauntlet Asterna SEASIDE SHUFFLE
71%
Strange Gauntlet vrymer sha
71%
Doom Gauntlet Nico99 Shrill Hallway
71%
Split Gauntlet Whirl Sinless Ash
71%
Monster Gauntlet rafer SLAM
71%
NCS II Gauntlet Whirl Slasher
71%
Water Gauntlet Puueds Soar
71%
Castle Gauntlet Empika Still Life
71%
Water Gauntlet Subwoofer Submerged
71%
Inferno Gauntlet talia Tabasco
71%
Death Gauntlet JacobROso The Behemoth
71%
Demon Gauntlet Ferdefunky Traction
71%
Water Gauntlet OliSW Trek
71%
Halloween Gauntlet RadiationV2 Tricky Treats
71%
Forest Gauntlet ZeroSR Twenty Four
71%
Haunted Gauntlet KiziBro7 Vessel
71%
Demon Gauntlet schady Vibration
71%
Spike Gauntlet GeoSlam1 Victim
71%
Love Gauntlet fJud Wall
71%
Portal Gauntlet TMNGaming WhyMeWhyMeWhyMeWhyMe
71%
Galaxy Gauntlet Mangosteen Xanadu
71%
Galaxy Gauntlet Magpipe Xin Chao
71%
Mystery Gauntlet iITesseractIi 3rd 3y3
57%
Space Gauntlet vegtam Abducted
57%
Poison Gauntlet UsernameDefault Acid Factory
57%
Discord Gauntlet nasgubb Afterlife
57%
Space Gauntlet kira9999 Alien Dream Emulator
57%
Ice Gauntlet Berkoo Amplification
57%
Cosmos Gauntlet chunlv1 Aperture
57%
Magic Gauntlet Skitten Aquarius
57%
Universe Gauntlet Seokso Asadal
57%
Cyborg Gauntlet Splinter25 Assembly line
57%
Portal Gauntlet Knots Azimuth
57%
Treasure Gauntlet TheTechniTeam Baelfire
57%
Bonus Gauntlet Tongii Battletown
57%
NCS I Gauntlet Grax BER ZER KER
57%
Portal Gauntlet xXLOCOXx Between Worlds
57%
Halloween Gauntlet bli boo
57%
Strange Gauntlet fungifity b spr9s0
57%
Random Gauntlet Whirl Busted
57%
Water Gauntlet Danke CALYPSO BLITZ
57%
Ice Gauntlet IlhamAulia Carnation
57%
Halloween Gauntlet DeeperSpace ClownParty
57%
Bonus Gauntlet izhar Crazy Ball
57%
Crystal Gauntlet CastriX Crystal fusion
57%
Cursed Gauntlet RehanZ Deathstep III
57%
Christmas Gauntlet logiking DELUXE
57%
Spike Gauntlet Dashtrict Desert Bounce
57%
Random Gauntlet galofuf dll
57%
Discord Gauntlet GirlyAle02 Double Dimension
57%
Force Gauntlet alkali expansion
57%
Love Gauntlet FadedCat Fallen In Love
57%
Galaxy Gauntlet Jghost Fizzy Fossils
57%
Christmas Gauntlet rafer Flight II
57%
Chance Gauntlet Trms01 Fukashigi
57%
Ice Gauntlet mikeymonke GeoBound
57%
Cyborg Gauntlet Knots getHappier
57%
Shadow Gauntlet izhar GhostTown
57%
Castle Gauntlet JamAttack GLORIOUS FORTRESS
57%
Gem Gauntlet Lyriaki Golem
57%
Haunted Gauntlet PixelLolka Great Asset
57%
Poison Gauntlet DorSha Ground Zero
57%
Monster Gauntlet ChaSe HellGate Menace
57%
Forest Gauntlet Howler Honeydew
57%
Shadow Gauntlet schady Infusion
57%
Inferno Gauntlet rafer in Silico
57%
Space Gauntlet Debihan Jova
57%
Magic Gauntlet Thomartin kalaxian
57%
Cosmos Gauntlet empsea Kisaragi
57%
Galaxy Gauntlet Woom Koenigstein
57%
Christmas Gauntlet Unzor Les Go 2
57%
Forest Gauntlet R3XX3R lost in the woods
57%
Universe Gauntlet LaserSword33 Lutetia
57%
NCS II Gauntlet CHRAPIVA MAGISTRO
57%
Monster Gauntlet haoN Mechanism
57%
Cyborg Gauntlet TheDevon Mission 01
57%
Love Gauntlet Unzor Moonlight
57%
NCS II Gauntlet F5night Neozenith
57%
Water Gauntlet Serponge Ocean Rush
57%
Strange Gauntlet Jayuff Odd
57%
Magic Gauntlet ViPriN Odyssey
57%
Shadow Gauntlet Hyenada Ominous
57%
Universe Gauntlet R4NGER PABRIK
57%
Spooky Gauntlet BrokenMusicBox Parsnip
57%
Bonus Gauntlet TheRM22 Payload
57%
Ice Gauntlet CreatorFreeze Polihedral
57%
Death Gauntlet Samoht Predator
57%
Crystal Gauntlet SirHadoken Prismarine
57%
Force Gauntlet rafer Propane Nightmares
57%
Spike Gauntlet Torch121 Pureland
57%
NCS I Gauntlet Debihan Quebrantar
57%
Discord Gauntlet Knots Radiant Glen
57%
Gem Gauntlet Ivyteal Radiant Rift
57%
Bonus Gauntlet Ald3rite Rising 
57%
Power Gauntlet DHaner Rush
57%
Universe Gauntlet TroxxP1 Ruta del Sol
57%
Crystal Gauntlet AbstractDark Sanctuary of Light
57%
Magic Gauntlet BranSilver Schade
57%
Split Gauntlet AbstractDark Seasonal Haven
57%
Fire Gauntlet Danolex Shock
57%
Poison Gauntlet schady Shrimp
57%
Death Gauntlet Ferdefunky Shuriken
57%
Time Gauntlet BranSilver Silence
57%
Gem Gauntlet Vizitek Silhouette Garden
57%
Castle Gauntlet rafer Sky Tower
57%
Ice Gauntlet Chaos Skyward
57%
Shadow Gauntlet Serponge Spooky Light
57%
Spooky Gauntlet Unzor Spoopier
57%
Halloween Gauntlet Unzor Spoopy
57%
Space Gauntlet Glubfuberz Stardust Sanctuary
57%
Split Gauntlet DangerKat Subdivision Zone
57%
Cosmos Gauntlet Lyal The Beyond
57%
Haunted Gauntlet Pipenachho The Diablo
57%
NCS I Gauntlet vegtam The Incinerator
57%
Time Gauntlet SirHadoken Timeless
57%
Love Gauntlet Glubfuberz Toytime Trials
57%
Christmas Gauntlet Knots Trainwreck
57%
Mystery Gauntlet Serponge Under
57%
Strange Gauntlet Presta UNDERWORLD
57%
Power Gauntlet R3XX3R Unnamed h
57%
Force Gauntlet RadiationV2 Uprising
57%
Gem Gauntlet Presta Venice
57%
NCS II Gauntlet kira9999 WANNACRY
57%
Split Gauntlet Thomartin Wild Card
57%
Christmas Gauntlet Debihan Winter Works
57%
Cyborg Gauntlet scrumpy 3NINE
43%
Love Gauntlet Jayuff Amorous
43%
Treasure Gauntlet MiraCatsy Avarinth
43%
Universe Gauntlet Inex BISMARCK
43%
Spooky Gauntlet J735 Devils Tombyard
43%
Random Gauntlet AbstractDark Dimension Break
43%
Chance Gauntlet Ivyteal dronification
43%
Haunted Gauntlet bli fall apart
43%
World Gauntlet Whirl Great White North
43%
Discord Gauntlet Subwoofer Growing Insane
43%
Random Gauntlet LightPotatoDev KRYPT OF KRANDON
43%
Force Gauntlet BranSilver Metal Magic
43%
Power Gauntlet Subwoofer Perpetual Motion
43%
Chance Gauntlet dolphe Project Novaform
43%
Halloween Gauntlet Robotic24 Retention Remaster
43%
Portal Gauntlet Xender Game Shards of Siberia
43%
Discord Gauntlet DeniPol Snow flies in Fog
43%
Cosmos Gauntlet DesTicY Spacetime Continuum
43%
Power Gauntlet Thomartin Stylewave
43%
Spike Gauntlet f3lixsram Tenebris
43%
Strange Gauntlet kira9999 The Poolrooms
43%
Spooky Gauntlet PepeTheGod Trip or Treat
43%
Portal Gauntlet xenoteric Tsuretette
43%
Fantasy Gauntlet Unzor United
43%
Chance Gauntlet DangerousROBOT Update Disorder
43%
Treasure Gauntlet Wilz zone pirate v
43%
Mystery Gauntlet R3XX3R CONTROL
29%
Power Gauntlet DangerKat Digital Glitch
29%
Fantasy Gauntlet DHaner Dreamy
29%
Mystery Gauntlet NinKaz Empty Space
29%
Treasure Gauntlet J735 Floodfall Caverns
29%
Fantasy Gauntlet Zhak In Deepestiner
29%
Cyborg Gauntlet Pipenachho Quantum Future
29%
Mystery Gauntlet flash Self Reflect
29%
Fantasy Gauntlet AutoNick Voyage
29%
Fantasy Gauntlet GirlyAle02 Magic Valley
14%
No matching quizzes found
Score Distribution
Percent of People with Each Score
Percentile by Number Answered
Your Score History
You have not taken this quiz since the last reset